000 02125cam a22006614i 4500
003 PE-LiUPU
005 20250731170428.0
008 191018s2001 cl r 001 0 spa d
020 _a9584252607
020 _a9789584252609
035 _a(Sirsi) a252605
040 _aPE-LiUPU
_bspa
_cPE-LiUPU
_erda
041 1 _aasp
_heng
049 _aPRUA
082 0 4 _a153.9
_bG25
_223
100 1 _aGardner, Howard,
_eautor.
245 1 4 _aLas cinco mentes del futuro /
_cHoward Gardner, Elizabeth A. Hobbs.
264 1 _aBogotá :
_bEditorial nomos,
_c2007.
300 _a256 páginas ;
_c23 centímetros
336 _atext
_2rdacontent
337 _aunmediated
_2rdamedia
338 _avolume
_2rdacarrier
504 _aÍndice: páginas 233-256.
505 0 _aLas mentes consideradas desde un punto de vista global una introducción personal -- La mente disciplinada -- La mente sintética -- La mente creativa -- La mente respetuoso -- La mente ética.
526 _aSEG68
526 _aSEG70
526 _aSEG69
526 _aSEG67
526 _aSEG43
526 _aP144
526 _aP143
526 _aP131
526 _aP122
526 _aP120
526 _aP117
526 _aP112
526 _aP110
526 _aP106
526 _aP101
526 _aP80
526 _aP59
526 _aP54
526 _aP35
526 _aP33
526 _aP30
534 _hTítulo Original :
_tFive minds for the future de Howard Gardner.
541 _g004-000263;
650 0 4 _aInteligencia.
650 0 4 _aMente y cuerpo.
_93016
650 0 4 _aEtica.
650 0 4 _aDesarrollo de la inteligencia.
700 1 _aHobbs, Elizabeth A.,
_eautor.
910 _adbm
_bksl
_cksl
_d20191018
942 _2ddc
_cBOOK
994 _aC0
_bPEPRU
596 _a1
999 _a153.9 G25
_wDEWEY
_c31835
_i80852
_f2021-11-8
_g3
_lCCODEBUL1
_mBUL
_p17.48
_r0
_sY
_tBOOK
_u2019-10-18
_xEDUCACION
_zP59
_0COMPRA
_1FCOMPR4
_o.STAFF. Colección Ciencias Humanas y Educación
_d31835
980 _81
_gALBERTO SANCHEZ Responsable de Automatización